000 00625nam a2200205Ia 4500
003 GCL
008 140319s9999 xx 000 0 ara d
040 _aGCL /
_cGCL
082 0 4 _a811.9
_bع ت
100 1 _aعبدالستار سليم
245 1 0 _aتقاسيم على الربابة: شعر /
_cعبدالستار سليم
260 _a[S.N] :
_bالهيئة المصرية العامة للكتاب ،
_c1993
300 _a135 ص
490 _a
650 0 4 _aالشعر العربى
650 0 4 _aالادب العربى
650 0 4 _aالعصر الحديث
650 0 4 _aالمجموعات
942 _2ddc
_cBK
999 _c33391
_d33391